000 00974nas a2200337 4500
001 BR2011008342
003 BR-BrBNA
005 20231205115904.0
007 ta
008 230509b bl.|||p| |||| 00| 00por d
040 _aBR-BrBNA
_bpor
_cBiblioteca Nacional de Agricultura
041 _a(Pt)
072 _aK50
100 1 _aIwakiri, S.
100 1 _aVargas, C.A.
100 1 _aParchen, C.F.A.
100 1 _aWeber, C.
100 1 _aBatista, C.C.
100 1 _aGarbe, E.A.
100 1 _aCit, E.J.
100 1 _aPrata, J.G.
245 1 _aAvaliação da qualidade de painéis compensados produzidos com lâminas de madeira de Schizolobium amazonicum
650 _aPARICÁ
650 _aÁRVORE ANGIOSPERMA
650 _aLAMINADO
650 _aCOMPENSADO
650 _aQUALIDADE
773 0 _tFloresta (Brazil)
_xISSN 0015-3826
_g(Jul-Sep 2011), v. 41(3) p. 451-458
_wBR2011008342
909 _a202311
_bLúcia
_c55
_dLúcia Elande
942 _2AGRIS
_n0
_cANA
999 _c216169
_d216169